000 00776nam a22002297a 4500
005 20150522033931.0
008 040709s2004 ja a b i001 0 eng
020 _a9280811029
024 0 _ceng
080 _a551.432
245 0 0 _aKey issues for mountain areas /
_cedited by Martin F. Price, Libor F. Jansky, and Andrei A. Iastenia.
250 _a1 st.ed.;
260 _aTokyo ;
_aNew York :
_bUnited Nations University Press,
_c2004.
300 _a273 f. :
_bme il.;
_c23 cm.
504 _aIncludes bibliographical references and index. f. 257-273
650 0 _aMalet
700 1 _aPrice, Martin F.
700 1 _aJansky, Libor.
700 1 _aIastenia, Andrei A.
856 4 1 _3Table of contents
_uhttp://www.loc.gov/catdir/toc/ecip0420/2004015893.html
942 _2udc
_cBK
999 _c522
_d522